Mistrz Francji w piłce nożnej - Statystyki

Ogólne statystyki
  • Ten quiz został rozwiązany 17 razy
  • Średni wynik to 6 z 28
Statystyki odpowiedzi
Ilość Klub % Poprawnych
13 PSG
100%
7 OL
82%
10 OM
82%
8 Nantes
59%
1 Lens
53%
8 AS Monaco
47%
10 Saint-Etienne
47%
1 Montpellier
41%
4 Nicea
29%
1 Auxerre
24%
6 LOSC Lille
18%
1 Strasbourg
18%
3 Le Havre
12%
2 Sochaux
6%
6 Stade de Reims
6%
1 CA Paris-Charenton
0%
1 Club Français
0%
1 Gallia Club
0%
6 Girondins de Bordeaux
0%
2 RC Paryż
0%
6 Roubaix
0%
1 Rouen
0%
1 Saint-Raphael
0%
2 Sète
0%
1 Stade Français
0%
3 Stade Helvetique
0%
5 Standard Athletic Club
0%
1 US Tourcoing
0%
Nie znaleziono quizów pasujących do podanych kryteriów
Rozkład punktacji
Procent ludzi z każdym wynikiem
Percentyl według liczby udzielonych odpowiedzi
Twoja historia wyników
Nie rozwiązałeś tego quizu